000 00543nam a2200181Ia 4500
008 090123s9999 xx 000 0 und d
082 _b42968
100 _aआपराद आशा
245 _aभोगले जे दु;ख त्याला
250 _a1
260 _c2008
300 _a273
600 _aआपराद आशा
630 _aभोगले जे दु;ख त्याला
700 _aआपराद आशा
730 _aभोगले जे दु;ख त्याला
942 _cBOOK
999 _c81032
_d81032